Normal view
MARC view
- Fantastic fiction.
Entry Genre/Form Term
001 - CONTROL NUMBER
- control field: 14327
003 - CONTROL NUMBER IDENTIFIER
- control field: NUST
005 - DATE AND TIME OF LATEST TRANSACTION
- control field: 20190515080117.0
008 - FIXED-LENGTH DATA ELEMENTS
- fixed length control field: 190515|| aca||aabn | a|a d
040 ## - CATALOGING SOURCE
- Original cataloging agency: NUST
- Transcribing agency: NUST
155 ## - HEADING--GENRE/FORM TERM
- Genre/form term: Fantastic fiction.
670 ## - SOURCE DATA FOUND
- Source citation: Work cat.: (NUST)0: Popescu, Petru, 1944- 14322, Almost Adam :, c1996.
